00576nam a2200145 a 4500008004100000050001400041100002000055245003400075260005400109300001600163350000900179995009500188999001700283952013000300120416s1967 ||||||||||||||||| || u aHB 75 Gil aGill, Richard T10aEvolution of modern economics aEnglewood CliffsbNew Jersey, Prentice-Hallc1967 aviii, 119p. a0.00 D0.00FCBU-MAIN LIBRARY (Kitwe)H1I0.00M1UAVAILABLEZMain Library Open Access Collection c42780d42780 00102lcc4070a001b001cMain Library Open Access Collectiond2022-11-30l0oHB 75 Gilp001792r2022-11-30w2022-11-30y002